000 00499cam a2200181 4500
001 L129735
008 050516n1970 000 0 eng u
035 _a(Sirsi) u129735
041 _aeng
050 _a692.3
_c18
110 _aStandard Method of Measurement Joint Committee
_94716
245 _aMinute book no 4
260 _c1954-1970
300 _a1
_fv.
_c30cm.
490 _aStandard Method of Measurement Joint Committee Minute Book
690 _aQuantity surveying
_96263
942 _n0
999 _c104271
_d104271